| 000 | 00665nam a22001811i 4500 | ||
|---|---|---|---|
| 001 | 000030693 | ||
| 003 | RuMoIPM | ||
| 005 | 20260601103838.0 | ||
| 008 | 130416s1959---- | c | ||
| 040 |
_aRuMoIPM _brus _ercr |
||
| 041 | 0 | _arus | |
| 080 | _a511(07) | ||
| 100 | 1 | _aАндронов, Иван Козьмич | |
| 245 | 1 |
_aАрифметика _bРазвитие понятия числа и действий над числами : [Пособие для фак. нач. школы пед. ин-тов и для пед. училищ] _cИ. К, Андронов |
|
| 260 |
_aМосква _bУчпедгиз _c1959 |
||
| 300 |
_a360 с. _bил. |
||
| 942 | _cBK | ||
| 999 |
_c30693 _d30693 |
||